[Event "37. Open Barberá del Vallés 2014"]
[Site "Barberá del Vallés ESP"]
[Date "2014.07.07"]
[Round "4.32"]
[White "Ventura Bolet, Alexandre"]
[Black "Iagar, Razvan-Gabriel"]
[Result "0-1"]
[WhiteElo "1949"]
[BlackElo "2168"]
[PlyCount "94"]
[EventDate "2014.07.04"]
[EventType "swiss"]
[EventRounds "9"]
[EventCountry "ESP"]
[Source "lmi"]
[SourceDate "2014.07.04"]

1. e4 e6 2. d4 d5 3. Nc3 Nf6 4. e5 Nfd7 5. Nce2 c5 6. c3 Nc6 7. f4 a6 8. a3 b5
9. Nf3 Be7 10. h4 cxd4 11. Nexd4 Bb7 12. Bd3 Nc5 13. b4 Ne4 14. Ne2 Qb6 15.
Bxe4 dxe4 16. Nfd4 Rd8 17. Be3 Qc7 18. Rc1 Nb8 19. Ng3 Bd5 20. Qg4 Rg8 21. f5
Nd7 22. fxe6 Nxe5 23. exf7+ Bxf7 24. Qxe4 Nd3+ 25. Ke2 Nxc1+ 26. Rxc1 Qxg3 27.
Qxe7+ Kxe7 28. Nf5+ Kd7 29. Nxg3 Bc4+ 30. Kf2 Rgf8+ 31. Kg1 Kc6 32. Bc5 Rf4 33.
Nh5 Rg4 34. Bd4 Rd5 35. Nxg7 Rdxd4 36. cxd4 Rxg7 37. a4 Rg4 38. axb5+ axb5 39.
h5 Rh4 40. Re1 Rxh5 41. Re7 Kd5 42. Rd7+ Ke4 43. g4 Rg5 44. Rxh7 Rxg4+ 45. Kf2
Kxd4 46. Rh3 Bd3 47. Kf3 Rg8 0-1

[Event "37. Open Barberá del Vallés 2014"]
[Site "Barberá del Vallés ESP"]
[Date "2014.07.07"]
[Round "4.33"]
[White "Clanchet Olle, Josep"]
[Black "Del Amo Carbo, Jordi"]
[Result "0-1"]
[WhiteElo "1736"]
[BlackElo "2112"]
[PlyCount "88"]
[EventDate "2014.07.04"]
[EventType "swiss"]
[EventRounds "9"]
[EventCountry "ESP"]
[Source "lmi"]
[SourceDate "2014.07.04"]

1. e4 e5 2. Nf3 Nc6 3. Bc4 Bc5 4. c3 Nf6 5. d4 exd4 6. cxd4 Bb4+ 7. Bd2 Bxd2+
8. Nbxd2 d5 9. exd5 Nxd5 10. Qe2+ Be6 11. O-O O-O 12. Rfe1 Re8 13. Bxd5 Qxd5
14. Qe4 Qxe4 15. Nxe4 Bd5 16. Ned2 Rxe1+ 17. Rxe1 Rd8 18. a3 f6 19. Rd1 Kf7 20.
g4 Be6 21. g5 Nxd4 22. Re1 Nxf3+ 23. Nxf3 Rd3 24. Re3 Rxe3 25. fxe3 Bd5 26. Nd4
c5 27. Nb5 a6 28. Nc3 Bc6 29. gxf6 Kxf6 30. Kf2 c4 31. Kg3 Ke5 32. Kg4 b5 33.
h4 a5 34. Kg5 Be8 35. Kg4 b4 36. axb4 axb4 37. Nd1 Ke4 38. Kg3 Ba4 39. Nf2+
Kxe3 40. Ng4+ Kd2 41. Ne5 c3 42. Nc4+ Kc2 43. bxc3 Kxc3 44. Nb6 Bc6 0-1

[Event "37. Open Barberá del Vallés 2014"]
[Site "Barberá del Vallés ESP"]
[Date "2014.07.07"]
[Round "4.34"]
[White "Bernat, Ernest"]
[Black "Orteu Capdevila, Max"]
[Result "0-1"]
[WhiteElo "2101"]
[BlackElo "1808"]
[PlyCount "88"]
[EventDate "2014.07.04"]
[EventType "swiss"]
[EventRounds "9"]
[EventCountry "ESP"]
[Source "lmi"]
[SourceDate "2014.07.04"]

1. e4 c5 2. Nf3 d6 3. d4 cxd4 4. Nxd4 Nf6 5. Nc3 a6 6. Be2 e6 7. O-O Be7 8. Be3
b5 9. a3 Bb7 10. f3 O-O 11. Qe1 Nbd7 12. Rd1 d5 13. exd5 Nxd5 14. Nxd5 Bxd5 15.
Nf5 Bf6 16. c3 Nb6 17. Nd4 Qc7 18. Qf2 Nc4 19. Bxc4 Bxc4 20. Rfe1 Rfd8 21. Nc2
Rxd1 22. Rxd1 Rd8 23. Rd2 Rxd2 24. Qxd2 Qd8 25. Qxd8+ Bxd8 26. Kf2 Bc7 27. g3
Kf8 28. Bc5+ Ke8 29. Ke3 e5 30. Nb4 a5 31. Nd3 Kd7 32. Nf2 f5 33. f4 e4 34. g4
g6 35. g5 a4 36. Nh1 Kc6 37. Bd4 Kd5 38. Ng3 Bd3 39. h4 Kc4 40. h5 Kb3 41. Nxf5
gxf5 42. h6 Bc4 43. g6 Bg8 44. g7 Bc4 0-1

[Event "37. Open Barberá del Vallés 2014"]
[Site "Barberá del Vallés ESP"]
[Date "2014.07.07"]
[Round "4.35"]
[White "Garcia Marin, Guillem"]
[Black "Martinez Pla, Xavier"]
[Result "0-1"]
[WhiteElo "2099"]
[BlackElo "1881"]
[PlyCount "82"]
[EventDate "2014.07.04"]
[EventType "swiss"]
[EventRounds "9"]
[EventCountry "ESP"]
[Source "lmi"]
[SourceDate "2014.07.04"]

1. d4 Nf6 2. Nf3 e6 3. g3 b6 4. Bg2 Bb7 5. O-O Be7 6. c4 O-O 7. Nc3 Ne4 8. Qc2
Nxc3 9. Qxc3 f5 10. b3 Bf6 11. Bb2 Qe7 12. Qc2 Be4 13. Qd2 d6 14. Ne1 Bxg2 15.
Nxg2 Nd7 16. Rfe1 c5 17. e4 Bxd4 18. Bxd4 cxd4 19. Qxd4 Ne5 20. Qc3 fxe4 21.
Rxe4 Qf6 22. Kh1 Qxf2 23. Nf4 Rf6 24. Re2 Qc5 25. Qe3 Qc7 26. Qe4 Raf8 27. Rd1
g5 28. Nd3 Nxd3 29. Rxd3 Qf7 30. h3 Rf1+ 31. Kh2 Rf2+ 32. Kg1 Rf6 33. Rxd6 Qc7
34. Rd3 Qc5+ 35. Rde3 Qa3 36. Qc2 Qd6 37. Qd3 Qa3 38. Qc2 Qe7 39. Qe4 Qf7 40.
Qg2 Rd8 41. Rf2 Rd1+ 0-1

[Event "37. Open Barberá del Vallés 2014"]
[Site "Barberá del Vallés ESP"]
[Date "2014.07.07"]
[Round "4.36"]
[White "Saez Coma, Alejandro"]
[Black "Las Heras Aixandri, Guillem"]
[Result "1-0"]
[WhiteElo "2097"]
[BlackElo "1646"]
[PlyCount "91"]
[EventDate "2014.07.04"]
[EventType "swiss"]
[EventRounds "9"]
[EventCountry "ESP"]
[Source "lmi"]
[SourceDate "2014.07.04"]

1. Nf3 d5 2. d4 e6 3. Bf4 Nf6 4. e3 Be7 5. Ne5 Nbd7 6. Nd2 Nxe5 7. Bxe5 c5 8.
c3 O-O 9. Bd3 Nd7 10. Bg3 Qb6 11. Rb1 f5 12. f4 Nf6 13. Bh4 cxd4 14. exd4 Bd6
15. Bxf6 Rxf6 16. g3 Bd7 17. Qb3 Qc7 18. h4 Rg6 19. Nf1 Re8 20. h5 Rh6 21. Ne3
g6 22. Kd2 gxh5 23. Rbe1 Kh8 24. Qd1 Rg8 25. Rh3 h4 26. Reh1 Be8 27. Qe1 Bf7
28. Rxh4 Rxh4 29. Rxh4 Qa5 30. a3 Qb6 31. Kc1 Qc6 32. Kb1 Qd7 33. Qg1 Bg6 34.
Qh2 Be7 35. Rh3 Bd6 36. Ng2 Qf7 37. Ne1 b5 38. Nf3 a6 39. Be2 Rg7 40. Ng5 Qe7
41. Bh5 Bxh5 42. Rxh5 Kg8 43. Rh6 e5 44. Re6 Qd7 45. dxe5 Rxg5 46. Rxd6 1-0

[Event "37. Open Barberá del Vallés 2014"]
[Site "Barberá del Vallés ESP"]
[Date "2014.07.07"]
[Round "4.37"]
[White "Colom Andres, Xavier"]
[Black "Vigo Allepuz, David"]
[Result "1/2-1/2"]
[WhiteElo "1905"]
[BlackElo "2085"]
[PlyCount "97"]
[EventDate "2014.07.04"]
[EventType "swiss"]
[EventRounds "9"]
[EventCountry "ESP"]
[Source "lmi"]
[SourceDate "2014.07.04"]

1. Nf3 e6 2. g3 d5 3. c4 c6 4. b3 f5 5. Bg2 Nf6 6. O-O Bd6 7. d3 O-O 8. Qc2 Qe7
9. Nc3 Na6 10. a3 e5 11. cxd5 cxd5 12. Bg5 Be6 13. e4 Rac8 14. Qb2 d4 15. Nd5
Bxd5 16. exd5 Rc3 17. b4 Rfc8 18. Rac1 h6 19. Bd2 R3c7 20. Nh4 Qd7 21. Bh3 Qa4
22. Rxc7 Rxc7 23. Rc1 Qb5 24. Nxf5 Qxd5 25. Rxc7 Nxc7 26. Qc1 Nce8 27. Qc8 Kh7
28. Bg2 Qa2 29. Qc1 Qe6 30. Bh3 Bf8 31. g4 Qd5 32. g5 hxg5 33. Bxg5 Qf3 34. Ng3
Nd6 35. Bxf6 gxf6 36. Qc7+ Kg6 37. Qd7 Qc6 38. Qg4+ Kf7 39. Qe6+ Kg6 40. Bg4
Qc1+ 41. Kg2 Qh6 42. Qg8+ Qg7 43. Bh5+ Kh6 44. Qe6 Qg5 45. Bf3 Kg7 46. Qd7+ Kh8
47. Qh3+ Kg7 48. Qd7+ Kh8 49. Qh3+ 1/2-1/2

[Event "37. Open Barberá del Vallés 2014"]
[Site "Barberá del Vallés ESP"]
[Date "2014.07.07"]
[Round "4.38"]
[White "Castells Briones, Miquel"]
[Black "Castillo Escario, Yolanda"]
[Result "1-0"]
[WhiteElo "1979"]
[BlackElo "2029"]
[PlyCount "157"]
[EventDate "2014.07.04"]
[EventType "swiss"]
[EventRounds "9"]
[EventCountry "ESP"]
[Source "lmi"]
[SourceDate "2014.07.04"]

1. d4 d5 2. c4 c6 3. Nf3 Nf6 4. e3 e6 5. Bd3 Nbd7 6. O-O Bd6 7. Nbd2 O-O 8. e4
dxe4 9. Nxe4 Nxe4 10. Bxe4 f5 11. Bc2 e5 12. Ng5 Nf6 13. dxe5 Bxe5 14. Qf3 h6
15. Nh3 Ng4 16. g3 g5 17. Qb3 Qe7 18. Bd2 Be6 19. Bb4 Qf7 20. Bxf8 Rxf8 21.
Rfe1 Kg7 22. Qa4 Bxb2 23. Rab1 Bd4 24. c5 Bxc5 25. Qa5 Bb6 26. Qc3+ Nf6 27. a4
Kg8 28. Qe5 Bd5 29. Qxf5 Ng4 30. Qxf7+ Rxf7 31. Re2 Bc4 32. Rd2 Ne5 33. Be4 Be6
34. Kg2 Nc4 35. Re2 Bg4 36. Ra2 Be6 37. Re2 Bg4 38. Ra2 Be6 39. Rba1 Bd4 40.
Rd1 Bb6 41. Rc2 Bg4 42. Rd3 Be6 43. Ng1 Ne5 44. Rd6 Bb3 45. Rb2 Bxa4 46. Rxh6
Bb5 47. h3 Bd4 48. Rd2 c5 49. Bd5 Kg7 50. Rh5 Rd7 51. Be4 Kf6 52. Rh6+ Kg7 53.
Rh7+ Kf6 54. Rxd7 Bxd7 55. Bxb7 a5 56. Ne2 Bc6+ 57. Bxc6 Nxc6 58. Nxd4 Nxd4 59.
Ra2 Nb3 60. Kf3 c4 61. Ke4 Ke6 62. h4 gxh4 63. gxh4 a4 64. h5 c3 65. f4 Kf6 66.
Ke3 Nc5 67. Ra3 c2 68. Rc3 a3 69. Rxc2 Ne6 70. Ra2 Ng7 71. Rxa3 Nxh5 72. Ke4
Ke7 73. Ke5 Nf6 74. Kf5 Ne8 75. Kg6 Nd6 76. f5 Ne8 77. Re3+ Kf8 78. Rxe8+ Kxe8
79. Kg7 1-0

[Event "37. Open Barberá del Vallés 2014"]
[Site "Barberá del Vallés ESP"]
[Date "2014.07.07"]
[Round "4.39"]
[White "Basas Gamazo, Josep"]
[Black "Simon Del Sol, Jaume"]
[Result "1-0"]
[WhiteElo "2001"]
[BlackElo "1986"]
[PlyCount "174"]
[EventDate "2014.07.04"]
[EventType "swiss"]
[EventRounds "9"]
[EventCountry "ESP"]
[Source "lmi"]
[SourceDate "2014.07.04"]

1. e4 d6 2. d4 Nf6 3. Nc3 e5 4. dxe5 dxe5 5. Qxd8+ Kxd8 6. Bc4 Be6 7. Bxe6 fxe6
8. Be3 Bd6 9. O-O-O Ke7 10. f3 a6 11. Nge2 Nbd7 12. Kb1 Rhf8 13. Nc1 h6 14. Nd3
Nh5 15. Rd2 Nf4 16. Rhd1 Nxd3 17. Rxd3 Rad8 18. Bf2 Nc5 19. R3d2 Nd7 20. a3 b6
21. Ne2 Bc5 22. Bg3 Bd6 23. Nc1 Nb8 24. Nd3 Nc6 25. c3 g5 26. h4 Rh8 27. Rh1
Rdg8 28. hxg5 hxg5 29. Rdd1 Ke8 30. Nf2 Kf7 31. Ng4 Kg6 32. Kc2 Rf8 33. b4 Kg7
34. a4 b5 35. Rxh8 Rxh8 36. axb5 axb5 37. Ra1 Rb8 38. Ra6 Rb6 39. Ra8 Rb7 40.
Kb2 Rb6 41. Re8 Kf7 42. Ra8 Kg7 43. Bf2 Rb8 44. Ra6 Nd8 45. Bg3 Nf7 46. Ra7 Kg6
47. Kb3 Kg7 48. Ra5 Kf8 49. Bf2 Ke7 50. Be3 Kf8 51. Nf6 Ke7 52. Ng4 Kf8 53. Nf2
Kg7 54. Nd3 Kf6 55. Nc5 Ke7 56. Ra7 Bxc5 57. Rxc7+ Kd6 58. Rxc5 Kd7 59. c4
bxc4+ 60. Rxc4 g4 61. fxg4 Nd6 62. Rc5 Rg8 63. g5 Nf7 64. b5 Nxg5 65. Bxg5 Rxg5
66. b6 Rxg2 67. Kb4 Rb2+ 68. Ka5 Ra2+ 69. Kb5 Rb2+ 70. Ka6 Ra2+ 71. Ra5 Rb2 72.
Rxe5 Ra2+ 73. Ra5 Rb2 74. Ra4 e5 75. Ka7 Kc6 76. Rc4+ Kb5 77. Rc1 Ra2+ 78. Kb7
Rh2 79. Rb1+ Kc5 80. Ka7 Ra2+ 81. Kb8 Rh2 82. b7 Kc6 83. Rg1 Rh7 84. Rg6+ Kc5
85. Ka8 Rh8+ 86. b8=Q Rxb8+ 87. Kxb8 Kd4 1-0

[Event "37. Open Barberá del Vallés 2014"]
[Site "Barberá del Vallés ESP"]
[Date "2014.07.07"]
[Round "4.40"]
[White "Bekker, Gary"]
[Black "Menac Comas, Joan Ramon"]
[Result "0-1"]
[WhiteElo "1820"]
[BlackElo "2147"]
[PlyCount "42"]
[EventDate "2014.07.04"]
[EventType "swiss"]
[EventRounds "9"]
[EventCountry "ESP"]
[Source "lmi"]
[SourceDate "2014.07.04"]

1. d4 d5 2. c4 e6 3. Nc3 c6 4. e3 f5 5. Nf3 Nf6 6. Bd3 Bd6 7. O-O O-O 8. b3 Ne4
9. Qc2 Nd7 10. a4 Qe7 11. Nd2 b6 12. f4 Bb7 13. Nf3 Rac8 14. Nb1 c5 15. Ba3
Ndf6 16. Nc3 a6 17. Ne5 cxd4 18. Bxd6 Qxd6 19. exd4 dxc4 20. Bxe4 Nxe4 21. Ne2
cxb3 0-1

[Event "37. Open Barberá del Vallés 2014"]
[Site "Barberá del Vallés ESP"]
[Date "2014.07.07"]
[Round "4.41"]
[White "Fabre Massana, Miquel"]
[Black "Estepa-Fonseca, Omar Maria"]
[Result "1-0"]
[WhiteElo "2116"]
[BlackElo "1978"]
[PlyCount "117"]
[EventDate "2014.07.04"]
[EventType "swiss"]
[EventRounds "9"]
[EventCountry "ESP"]
[Source "lmi"]
[SourceDate "2014.07.04"]

1. e4 c5 2. Nc3 g6 3. Nf3 Bg7 4. d4 cxd4 5. Nxd4 Nc6 6. Be3 Nf6 7. Be2 O-O 8.
O-O d6 9. h3 Bd7 10. Qd2 Nxd4 11. Bxd4 Bc6 12. Rad1 Nd7 13. Bxg7 Kxg7 14. f4
Qb6+ 15. Qd4+ Qxd4+ 16. Rxd4 Rab8 17. Rfd1 Nc5 18. g3 b5 19. Bf3 f5 20. Re1 b4
21. Nd5 e5 22. fxe5 dxe5 23. Rc4 fxe4 24. Bg2 Nd3 25. cxd3 Bxd5 26. Rc7+ Rf7
27. Rxf7+ Kxf7 28. b3 Rc8 29. Bxe4 Be6 30. h4 a5 31. Re2 Rc7 32. Kf2 Ra7 33.
Bc6 Rc7 34. Bb5 Kf6 35. Bc4 Bxc4 36. dxc4 Kf5 37. Rd2 a4 38. Rc2 axb3 39. axb3
Ke4 40. Ke2 Rc5 41. Ra2 Kd4 42. Kd2 e4 43. Ra7 e3+ 44. Ke2 Re5 45. Rd7+ Kc3 46.
Rd3+ Kc2 47. Rxe3 Rf5 48. g4 Rf7 49. Rf3 Re7+ 50. Kf2 Rc7 51. Kg3 Kb2 52. Kf4
Re7 53. Rg3 Re2 54. Kg5 h5 55. Kxg6 hxg4 56. h5 Rc2 57. h6 Rc3 58. Rxg4 Kxb3
59. h7 1-0

[Event "37. Open Barberá del Vallés 2014"]
[Site "Barberá del Vallés ESP"]
[Date "2014.07.07"]
[Round "4.42"]
[White "Nadal Fajardo, Ricard"]
[Black "Jimenez Ruano, Adrian"]
[Result "1-0"]
[WhiteElo "1999"]
[BlackElo "1851"]
[PlyCount "145"]
[EventDate "2014.07.04"]
[EventType "swiss"]
[EventRounds "9"]
[EventCountry "ESP"]
[Source "lmi"]
[SourceDate "2014.07.04"]

1. b3 d5 2. Bb2 Nc6 3. e3 a6 4. Nf3 Bg4 5. Be2 e6 6. O-O Nf6 7. Ne5 Nxe5 8.
Bxe5 Bf5 9. d3 Bd6 10. Bxd6 Qxd6 11. Nd2 O-O 12. c4 Rad8 13. d4 e5 14. dxe5
Qxe5 15. Nf3 Qb2 16. Qd2 Qxd2 17. Nxd2 dxc4 18. Nxc4 b5 19. Ne5 Rd2 20. Bf3 Re8
21. Nc6 Be4 22. Rfd1 Rxd1+ 23. Rxd1 Bxf3 24. gxf3 g6 25. b4 Re6 26. Rd8+ Kg7
27. Nd4 Rd6 28. Rc8 Nd5 29. a3 Kf6 30. Kf1 Ke7 31. Ke1 Kd7 32. Rf8 Rf6 33. Kd2
Nb6 34. Kc3 Nd5+ 35. Kd3 Ne7 36. Ke4 g5 37. Ke5 Rxf3 38. Nxf3 Ng6+ 39. Kf6 Nxf8
40. Ne5+ Kd6 41. Nxf7+ Kd5 42. Nxg5 c5 43. bxc5 Nd7+ 44. Kf5 Nxc5 45. e4+ Kd6
46. e5+ Ke7 47. Nxh7 a5 48. Nf6 Ne6 49. Nd5+ Kf7 50. f4 Nd4+ 51. Ke4 Nc2 52. f5
Nxa3 53. e6+ Kf8 54. f6 Nc4 55. Nc7 Nd6+ 56. Kd5 Nc8 57. e7+ Nxe7+ 58. fxe7+
Kxe7 59. Nxb5 Kf6 60. Ke4 Kg5 61. Kf3 Kh4 62. Kg2 a4 63. h3 Kg5 64. Kg3 Kh5 65.
h4 Kg6 66. Kg4 Kh6 67. h5 Kg7 68. Kg5 Kh7 69. h6 Kg8 70. Kg6 Kh8 71. h7 a3 72.
Nd6 a2 73. Nf7# 1-0

[Event "37. Open Barberá del Vallés 2014"]
[Site "Barberá del Vallés ESP"]
[Date "2014.07.08"]
[Round "5.1"]
[White "Aroshidze, Levan"]
[Black "Peralta, Fernando"]
[Result "1/2-1/2"]
[WhiteElo "2565"]
[BlackElo "2596"]
[PlyCount "71"]
[EventDate "2014.07.04"]
[EventType "swiss"]
[EventRounds "9"]
[EventCountry "ESP"]
[Source "lmi"]
[SourceDate "2014.07.04"]

1. e4 e6 2. d4 d5 3. Nc3 Nf6 4. e5 Nfd7 5. f4 c5 6. Nf3 Nc6 7. Be3 cxd4 8. Nxd4
Bc5 9. Qd2 O-O 10. O-O-O a6 11. Qf2 Bxd4 12. Bxd4 Nxd4 13. Qxd4 b5 14. Bd3 Rb8
15. Rhe1 b4 16. Ne2 Qc7 17. Qe3 Nc5 18. Nd4 a5 19. Kb1 a4 20. g4 Ba6 21. Bxa6
Nxa6 22. f5 Nc5 23. Qg5 h6 24. Qh5 b3 25. cxb3 axb3 26. a3 Ne4 27. f6 Rfc8 28.
fxg7 Kxg7 29. g5 hxg5 30. Rxe4 Qc2+ 31. Nxc2 bxc2+ 32. Kc1 cxd1=Q+ 33. Kxd1
dxe4 34. Qxg5+ Kf8 35. Qh6+ Kg8 36. Qg5+ 1/2-1/2

[Event "37. Open Barberá del Vallés 2014"]
[Site "Barberá del Vallés ESP"]
[Date "2014.07.08"]
[Round "5.2"]
[White "Saptarshi, Roy"]
[Black "Sagar, Shah"]
[Result "1-0"]
[WhiteElo "2449"]
[BlackElo "2314"]
[PlyCount "51"]
[EventDate "2014.07.04"]
[EventType "swiss"]
[EventRounds "9"]
[EventCountry "ESP"]
[Source "lmi"]
[SourceDate "2014.07.04"]

1. e4 c5 2. Nf3 Nc6 3. d4 cxd4 4. Nxd4 g6 5. c4 Nf6 6. Nc3 d6 7. Be2 Nxd4 8.
Qxd4 Bg7 9. Bg5 O-O 10. Qd2 Be6 11. Rc1 Qa5 12. O-O Rfc8 13. b3 a6 14. f4 Rc5
15. Qe3 Re8 16. Kh1 Nd7 17. f5 gxf5 18. Nd5 Bxd5 19. exd5 Qxa2 20. Rxf5 Be5 21.
Bh5 Nf6 22. Rxe5 Nxh5 23. Rxe7 Rxe7 24. Bxe7 Qb2 25. Bxd6 Ra5 26. Qe8+ 1-0

[Event "37. Open Barberá del Vallés 2014"]
[Site "Barberá del Vallés ESP"]
[Date "2014.07.08"]
[Round "5.3"]
[White "Grigoryan, Karen H"]
[Black "Aloma Vidal, Robert"]
[Result "1-0"]
[WhiteElo "2592"]
[BlackElo "2406"]
[PlyCount "133"]
[EventDate "2014.07.04"]
[EventType "swiss"]
[EventRounds "9"]
[EventCountry "ESP"]
[Source "lmi"]
[SourceDate "2014.07.04"]

1. e4 d5 2. exd5 Qxd5 3. Nc3 Qd6 4. d4 Nf6 5. Nf3 g6 6. g3 Bg7 7. Bg2 Qa6 8.
Bf4 c6 9. Qd2 Bf5 10. O-O-O Nd5 11. a3 Nd7 12. Rhe1 O-O 13. Nxd5 cxd5 14. Rxe7
Rac8 15. Ne1 Nb6 16. Qe2 Qa4 17. Rxb7 Rfe8 18. Be3 Qc6 19. Rxb6 Qxb6 20. g4 Be4
21. Qd2 Rb8 22. c3 Bxg2 23. Nxg2 Bf8 24. Qc2 Qa6 25. Kd2 Qc4 26. g5 Bd6 27. h3
Re4 28. Rb1 a5 29. b4 Rxd4+ 30. Bxd4 Qxd4+ 31. Kc1 Qe5 32. f4 Qe7 33. Rb3 axb4
34. cxb4 d4 35. Rd3 Qb7 36. Qd2 Rc8+ 37. Kb2 Rc4 38. Rb3 Qe4 39. b5 Ra4 40. b6
Qc6 41. Ne1 Bxa3+ 42. Rxa3 Qxb6+ 43. Rb3 Qa7 44. Nc2 Qa8 45. Qd3 h5 46. Rb5 Qc6
47. Nb4 Qh1 48. Rb8+ Kh7 49. Nc2 Qc6 50. f5 Qc3+ 51. Qxc3 dxc3+ 52. Kb3 Ra5 53.
fxg6+ Kxg6 54. h4 Rf5 55. Rb6+ f6 56. Kxc3 Rf4 57. Ne3 Rxh4 58. gxf6 Rh1 59.
Nd5 h4 60. Ne7+ Kf7 61. Nf5 Rf1 62. Nh6+ Kg6 63. f7+ Kg7 64. Rb8 Kxh6 65. f8=Q+
Rxf8 66. Rxf8 Kg5 67. Kd3 1-0

[Event "37. Open Barberá del Vallés 2014"]
[Site "Barberá del Vallés ESP"]
[Date "2014.07.08"]
[Round "5.4"]
[White "Narciso Dublan, Marc"]
[Black "Cruz, Filemon"]
[Result "1-0"]
[WhiteElo "2523"]
[BlackElo "2412"]
[PlyCount "66"]
[EventDate "2014.07.04"]
[EventType "swiss"]
[EventRounds "9"]
[EventCountry "ESP"]
[Source "lmi"]
[SourceDate "2014.07.04"]

1. e4 e5 2. Nc3 Nc6 3. g3 g6 4. Bg2 Bg7 5. d3 d6 6. f4 Be6 7. Nf3 Qd7 8. O-O h6
9. Nd5 Nce7 10. c4 c6 11. Nc3 Bh3 12. Bxh3 Qxh3 13. Qb3 Nf6 14. Qxb7 Rd8 15.
Qxa7 Ng4 16. Nd1 exf4 17. Nf2 Nxf2 18. Qxf2 fxg3 19. Qxg3 Qe6 20. Rb1 g5 21. b3
Ng6 22. Bb2 Nf4 23. Kh1 Bxb2 24. Rxb2 Nxd3 25. Nxg5 hxg5 26. Qxd3 Rh4 27. Re2
Rd7 28. Qd4 Re7 29. Rf6 Qh3 30. Qb6 Kf8 31. Qd8+ Re8 32. Qxd6+ Kg7 33. Ref2 Re7
1-0

[Event "37. Open Barberá del Vallés 2014"]
[Site "Barberá del Vallés ESP"]
[Date "2014.07.08"]
[Round "5.5"]
[White "Oliva Castaneda, Kevel"]
[Black "Gomez Garrido, Camilo Ernesto"]
[Result "1/2-1/2"]
[WhiteElo "2419"]
[BlackElo "2495"]
[PlyCount "63"]
[EventDate "2014.07.04"]
[EventType "swiss"]
[EventRounds "9"]
[EventCountry "ESP"]
[Source "lmi"]
[SourceDate "2014.07.04"]

1. e4 e5 2. Nf3 Nc6 3. Bb5 a6 4. Ba4 Nf6 5. O-O Be7 6. Re1 b5 7. Bb3 d6 8. c3
O-O 9. h3 Na5 10. Bc2 c5 11. d4 Qc7 12. d5 Bd7 13. Nbd2 c4 14. Nf1 Nb7 15. Ng3
Nc5 16. Be3 a5 17. Nh2 b4 18. Ng4 Nxg4 19. hxg4 g6 20. f3 bxc3 21. bxc3 Rab8
22. Qd2 Rb2 23. Reb1 Rfb8 24. Rxb2 Rxb2 25. Qc1 Rb8 26. Rb1 Nd3 27. Rxb8+ Qxb8
28. Qb1 Qxb1+ 29. Bxb1 Nf4 30. Kf1 Bh4 31. Ne2 Nxe2 32. Kxe2 1/2-1/2

[Event "37. Open Barberá del Vallés 2014"]
[Site "Barberá del Vallés ESP"]
[Date "2014.07.08"]
[Round "5.6"]
[White "Sanchez Enriquez, Oscar Gerard"]
[Black "Cruz, Jonathan"]
[Result "0-1"]
[WhiteElo "2401"]
[BlackElo "2471"]
[PlyCount "74"]
[EventDate "2014.07.04"]
[EventType "swiss"]
[EventRounds "9"]
[EventCountry "ESP"]
[Source "lmi"]
[SourceDate "2014.07.04"]

1. d4 Nf6 2. Nf3 e6 3. e3 c5 4. c4 d5 5. a3 dxc4 6. Bxc4 a6 7. O-O b5 8. Ba2
Nbd7 9. e4 Nxe4 10. Re1 Ndf6 11. Ng5 Nxg5 12. Bxg5 cxd4 13. Qf3 Ra7 14. Bxf6
gxf6 15. Qh5 Bg7 16. Bxe6 O-O 17. Bxc8 Qxc8 18. Nd2 Rc7 19. Ne4 Rd8 20. Qf3 Kh8
21. Rad1 Re7 22. Re2 Qc6 23. g4 Rde8 24. Rde1 Qc4 25. Ng3 Re5 26. Rxe5 fxe5 27.
Ne4 Rf8 28. Rd1 Qc6 29. b4 Qg6 30. Ng3 Qc2 31. Kg2 f6 32. Rd3 Bh6 33. Nh5 Be3
34. Qf5 Bxf2 35. Kh3 Bg1 36. g5 Qxh2+ 37. Kg4 Qe2+ 0-1

[Event "37. Open Barberá del Vallés 2014"]
[Site "Barberá del Vallés ESP"]
[Date "2014.07.08"]
[Round "5.7"]
[White "Ghosh, Diptayan"]
[Black "Akshat, Khamparia"]
[Result "1-0"]
[WhiteElo "2468"]
[BlackElo "2367"]
[PlyCount "95"]
[EventDate "2014.07.04"]
[EventType "swiss"]
[EventRounds "9"]
[EventCountry "ESP"]
[Source "lmi"]
[SourceDate "2014.07.04"]

1. d4 g6 2. c4 Bg7 3. g3 Nf6 4. Bg2 O-O 5. Nc3 d6 6. Nf3 a6 7. O-O Nc6 8. Bf4
Bg4 9. Rc1 Bxf3 10. Bxf3 Nd7 11. b3 Nxd4 12. Bxb7 Rb8 13. Bg2 c5 14. Bd2 Qc8
15. Nd5 Re8 16. Bg5 Nc6 17. Qd2 Nb6 18. Nc3 a5 19. a4 Nb4 20. Rfd1 Nd7 21. Nb5
Ne5 22. Qe1 Nec6 23. Bd2 Nd4 24. Rb1 Qf5 25. e3 Nf3+ 26. Bxf3 Qxf3 27. Bxb4
axb4 28. Rd3 Qc6 29. Rbd1 Ra8 30. e4 Ra6 31. Qe2 Rf8 32. Rd5 Qc8 33. f4 f6 34.
Kg2 Qb7 35. h4 h6 36. Qg4 Kf7 37. Kh2 Qc8 38. Qf3 Kg8 39. Qe3 Ra8 40. Kg2 Ra6
41. f5 g5 42. Kh1 Ra5 43. Qf3 Qd7 44. R5d2 Qc6 45. Qd3 Kf7 46. Qf3 Kg8 47. Rd5
Qc8 48. Nd4 1-0

[Event "37. Open Barberá del Vallés 2014"]
[Site "Barberá del Vallés ESP"]
[Date "2014.07.08"]
[Round "5.8"]
[White "Matnadze, Ana"]
[Black "Munoz Pantoja, Miguel"]
[Result "1/2-1/2"]
[WhiteElo "2389"]
[BlackElo "2457"]
[PlyCount "75"]
[EventDate "2014.07.04"]
[EventType "swiss"]
[EventRounds "9"]
[EventCountry "ESP"]
[Source "lmi"]
[SourceDate "2014.07.04"]

1. d4 Nf6 2. Nf3 c5 3. c4 g6 4. Nc3 Bg7 5. e4 O-O 6. Be2 d6 7. O-O Bg4 8. Bg5
Bxf3 9. Bxf3 Nc6 10. d5 Nd4 11. Be2 e5 12. Qd2 h6 13. Bxf6 Qxf6 14. Nb5 Qg5 15.
Rad1 Nxb5 16. Qxg5 hxg5 17. cxb5 f5 18. f3 fxe4 19. fxe4 Rf4 20. Bd3 Raf8 21.
g3 Rxf1+ 22. Rxf1 Rxf1+ 23. Bxf1 Kf7 24. Bh3 b6 25. Kf2 Kf6 26. Kf3 Bh6 27. b3
Ke7 28. Bc8 Kd8 29. Be6 Ke7 30. Kg4 Kf6 31. Bd7 Ke7 32. Bc8 Kf6 33. Kf3 Ke7 34.
g4 Kf6 35. Ke3 Bf8 36. Kd3 Be7 37. a4 Bd8 38. Kc4 1/2-1/2

[Event "37. Open Barberá del Vallés 2014"]
[Site "Barberá del Vallés ESP"]
[Date "2014.07.08"]
[Round "5.9"]
[White "Das, Sayantan"]
[Black "Gomez Ledo, Roberto Carlos"]
[Result "0-1"]
[WhiteElo "2381"]
[BlackElo "2429"]
[PlyCount "88"]
[EventDate "2014.07.04"]
[EventType "swiss"]
[EventRounds "9"]
[EventCountry "ESP"]
[Source "lmi"]
[SourceDate "2014.07.04"]

1. e4 d6 2. d4 Nf6 3. Nc3 e5 4. Nf3 Nbd7 5. Bc4 Be7 6. O-O O-O 7. Re1 c6 8. a4
a5 9. h3 exd4 10. Nxd4 Nc5 11. b3 Be6 12. Bxe6 fxe6 13. Ba3 Nfd7 14. Qe2 Qe8
15. Rad1 Qf7 16. Qe3 Rae8 17. Rf1 d5 18. e5 Nxa4 19. Bxe7 Nxc3 20. Qxc3 Qxe7
21. f4 Qb4 22. Qxb4 axb4 23. Ra1 Nc5 24. Ra5 Ne4 25. Ra7 Rf7 26. Kh2 c5 27. Ne2
g5 28. g3 Ref8 29. Rfa1 Nc3 30. Nxc3 bxc3 31. Rg1 b6 32. Raa1 Rc8 33. Rgf1 c4
34. b4 Rcf8 35. Ra3 gxf4 36. Rxc3 fxg3+ 37. Rxg3+ Rg7 38. Rxf8+ Kxf8 39. Ra3
Rg5 40. Re3 Ke7 41. h4 Rf5 42. Kg3 Kd7 43. Re1 Kc6 44. c3 Kb5 0-1

[Event "37. Open Barberá del Vallés 2014"]
[Site "Barberá del Vallés ESP"]
[Date "2014.07.08"]
[Round "5.10"]
[White "Lorenzo De La Riva, Lazaro"]
[Black "Ramirez Garcia, Jorge Alberto"]
[Result "1-0"]
[WhiteElo "2426"]
[BlackElo "2260"]
[PlyCount "53"]
[EventDate "2014.07.04"]
[EventType "swiss"]
[EventRounds "9"]
[EventCountry "ESP"]
[Source "lmi"]
[SourceDate "2014.07.04"]

1. d4 d5 2. c4 e6 3. Nc3 Nf6 4. Nf3 c6 5. Bg5 Nbd7 6. e3 Qa5 7. cxd5 Nxd5 8.
Qd2 Bb4 9. Rc1 b6 10. e4 N5f6 11. Bd3 O-O 12. O-O c5 13. e5 Nd5 14. Qe2 cxd4
15. Nxd5 Qxd5 16. a3 Nxe5 17. Nxe5 Bb7 18. f4 Bd6 19. Bc4 Qa5 20. Nxf7 Rxf7 21.
Qxe6 Raf8 22. Qxd6 Qd2 23. Bd5 Bxd5 24. Qxd5 Qxb2 25. Be7 Re8 26. Bb4 Qb3 27.
Qxb3 1-0